Welcome to WEB OPAC of MRSPTU Central Library

Digital image processing using matlab (Record no. 4568)

MARC details
000 -LEADER
fixed length control field 00455nam a2200181Ia 4500
008 - FIXED-LENGTH DATA ELEMENTS--GENERAL INFORMATION
fixed length control field 230711s9999||||xx |||||||||||||| ||und||
020 ## - INTERNATIONAL STANDARD BOOK NUMBER
International Standard Book Number 978-81-317-2695-2
041 ## - LANGUAGE CODE
Language code of text/sound track or separate title ENG
082 ## - DEWEY DECIMAL CLASSIFICATION NUMBER
Classification number 621.3822
Item number GO-D
100 ## - MAIN ENTRY--PERSONAL NAME
Personal name Gonzalez,Rafael C
245 #0 - TITLE STATEMENT
Title Digital image processing using matlab
250 ## - EDITION STATEMENT
Edition statement 1st Ed.
260 ## - PUBLICATION, DISTRIBUTION, ETC.
Date of publication, distribution, etc. 2009
Place of publication, distribution, etc. New Delhi
Name of publisher, distributor, etc. Pearson
300 ## - PHYSICAL DESCRIPTION
Extent 954
650 ## - SUBJECT ADDED ENTRY--TOPICAL TERM
Topical term or geographic name entry element Electronics Engineering
700 ## - ADDED ENTRY--PERSONAL NAME
Personal name Woods,Richard E
942 ## - ADDED ENTRY ELEMENTS (KOHA)
Koha item type Book
Holdings
Withdrawn status Lost status Damaged status Not for loan Collection Home library Current library Date acquired Total checkouts Full call number Barcode Date last seen Price effective from Koha item type Source of acquisition Cost, normal purchase price Inventory number
          MRSPTU Central Library MRSPTU Central Library     621.3822 GO-D 15801 08/17/2023 08/17/2023 Book      
          MRSPTU Central Library MRSPTU Central Library     621.3822 GO-D 15802 08/17/2023 08/17/2023 Book      
          MRSPTU Central Library MRSPTU Central Library     621.3822 GO-D 15803 08/17/2023 08/17/2023 Book      
          MRSPTU Central Library MRSPTU Central Library     621.3822 GO-D 15804 08/17/2023 08/17/2023 Book      
          MRSPTU Central Library MRSPTU Central Library     621.3822 GO-D 15805 08/17/2023 08/17/2023 Book      
          MRSPTU Central Library MRSPTU Central Library     621.3822 GO-D 19281 08/17/2023 08/17/2023 Book      
          MRSPTU Central Library MRSPTU Central Library     621.3822 GO-D 19282 08/17/2023 08/17/2023 Book      
          MRSPTU Central Library MRSPTU Central Library     621.3822 GO-D 19283 08/17/2023 08/17/2023 Book      
          MRSPTU Central Library MRSPTU Central Library     621.3822 GO-D 19284 08/17/2023 08/17/2023 Book      
          MRSPTU Central Library MRSPTU Central Library     621.3822 GO-D 19285 08/17/2023 08/17/2023 Book      
          MRSPTU Central Library MRSPTU Central Library     621.3822 GO-D 19286 08/17/2023 08/17/2023 Book      
          MRSPTU Central Library MRSPTU Central Library     621.3822 GO-D 19287 08/17/2023 08/17/2023 Book      
          MRSPTU Central Library MRSPTU Central Library     621.3822 GO-D 19288 08/17/2023 08/17/2023 Book      
          MRSPTU Central Library MRSPTU Central Library 08/04/2043   621.367 GO-D 39236 08/17/2023 08/17/2023 Book Krishna Book Distributors 795.00 KBD/2017-2018/1019043059
          MRSPTU Central Library MRSPTU Central Library 08/04/2043   621.367 GO-D 39237 08/17/2023 08/17/2023 Book Krishna Book Distributors 795.00 KBD/2017-2018/1019043059
          MRSPTU Central Library MRSPTU Central Library 08/04/2043   621.367 GO-D 39238 08/17/2023 08/17/2023 Book Krishna Book Distributors 795.00 KBD/2017-2018/1019043059
          MRSPTU Central Library MRSPTU Central Library 08/04/2043   621.367 GO-D 39239 08/17/2023 08/17/2023 Book Krishna Book Distributors 795.00 KBD/2017-2018/1019043059
          MRSPTU Central Library MRSPTU Central Library 08/04/2043   621.367 GO-D 39240 08/17/2023 08/17/2023 Book Krishna Book Distributors 795.00 KBD/2017-2018/1019043059

Website Designed and Developed by MRSPTU Central Library Team

E-mail Id: librarian@mrsptu.ac.in